000 00843nam a22002057a 4500
003 0
005 20250213112659.0
008 250213b xxu||||| |||| 00| 0 eng d
050 _aG 70.212
_b.P33 2023
100 _aPadilla, Natasja Altea S.
245 _aCafesnearme:
_ba location-based mobile application using gps
_cNatasja Altea S. Padilla
260 _aLas Pinas City
_bSouthville International School and Colleges
_c2023
300 _axiv, 194 pages:
_bcolored pictures and illustration;
_c28cm.
500 _aBachelor of Science in Information Technology.
504 _aIncludes bibliographical references and appendices.
650 _aLocation-Based Services (LBS)—Mobile Applications.
650 _aMobile App Development—Café Finder Applications.
650 _aGPS Navigation—Consumer Applications.
942 _2lcc
_cTH
999 _c367196
_d367196